01135cam a2200289 i 4500001001300000003000400013005001700017008004100034010001700075035002600092040002700118050001700145066000700162110004400169245009000213260005600303300002800359500001700387500006600404650003000470650005100500710005200551880004600603880008400649880006000733880005200793j 66000897 DLC20260227111521.0990713s1961 ja a l000 0 jpn  aj 66000897  a(CStRLIN)DCLP99-B8711 aDLCcDLC-RdDLC-RdDLC00aHC463.O9bA5 c$11 6880-01aOwase-shi (Japan).bShiyakusho.106880-02aShōwa 34-nen no shimin keizai :bshimin shotoku suikei o chūshi ni shite. 6880-03a[Owase] :bMie-ken Owase Shiyakusho,c1961. a86 p. :bill. ;c26 cm. aCover title. aIn colophon: Hakkō sekininsha Owase-shi Shōkō Suisanka. 0aIncomezOwase-shi (Japan) 0aCost and standard of livingzOwase-shi (Japan)1 6880-04aOwase-shi (Japan).bShōkō Suisanka.1 6110-01/$1a尾鷲市 (Japan).b市役所.106245-02/$1a昭和 34年の市民経済 :b市民所得推計を中心にして. 6260-03/$1a[尾鷲] :b三重県尾鷲市役所,c1961.1 6710-04/$1a尾鷲市 (Japan).b商工水産課.